Nel cuore di smog city /

Uloženo v:
Podrobná bibliografie
Hlavní autor: Patil, Amruta (Autor)
Další autoři: Guerzoni, Gioia (Překladatel)
Médium: Kniha
Jazyk:italština
Vydáno: Milano : Metropoli d'Asia, 2010
Tagy: Přidat tag
Žádné tagy, Buďte první, kdo vytvoří štítek k tomuto záznamu!

MARC

LEADER 00000nam a22000007i 4500
001 IT\ICCU\CFI\0751377
003 ItRI
005 20260115232203.0
008 100601s2010 it |||||| ||||| |||||c
020 |a 9788896317105 
040 |b ita  |c importazione bologna sebina 
041 7 |a ita  |2 ISO-639-2 
100 1 |a Patil, Amruta  |0 IT\ICCU\CFIV\253600  |4 aut 
240 1 0 |a Kari  |3 IT\ICCU\CFI\0751378  |9 Patil, Amruta 
245 1 0 |a Nel cuore di smog city /  |c Amruta Patil ; traduzione di Gioia Guerzoni. 
260 |a Milano :  |b Metropoli d'Asia,  |c 2010 
300 |a 115 p. :  |b ill. ;  |c 24 cm 
700 1 |a Guerzoni, Gioia  |0 IT\ICCU\TO0V\265504  |4 trl 
942 |2 ddc  |c BK  |n 0 
952 |0 0  |1 0  |4 0  |6 F_741_500000000000000_PAT  |7 0  |9 21594  |a BO  |b BO  |d 2026-01-15  |i 13828  |l 0  |o F 741.5 PAT  |p BO13828  |r 2026-01-15 23:22:03  |w 2026-01-15  |x [Sebina 5] [1 v.]  |y BK  |z 1 v. 
999 |c 18440  |d 18440